Statistics for 10 Songs from 1967 - Complete starting lyrics

Click here to take the quiz!

General Stats

  • This quiz has been taken 75 times
    (69 since last reset)
  • The average score is 3 of 10

Answer Stats

Starting lyricsLyrics follow-up% Correct
Let me take you downCause I'm going to
68%
You know that it would be untrueYou know that I would be a liar
68%
Imagine me and youI do
50%
We skipped the light fandangoTurned cartwheels
30%
She would never sayWhere she came from
22%
Outside my windowIs a tree
10%
Dirty old riverMust you keep rolling
8%
I was born in Lil' RockHad a childhood sweetheart
3%
Me and my brotherWere talking to each other
2%
Hey where did we goDays when the rains come
0%

Score Distribution

Percentile by Number Answered

Percent of People with Each Score

Your Score History

You have not taken this quiz since the last reset